Normal view
MARC view
Entry Nombre personal
001 - NÚMERO DE CONTROL
- campo de control: 83446
003 - IDENTIFICADOR DEL NÚMERO DE CONTROL
- campo de control: BNPHU
005 - FECHA Y HORA DE LA ÚLTIMA TRANSACCIÓN
- campo de control: 20240305121517.0
008 - DATOS DE LONGITUD FIJA
- campo de control de longitud fija: 230524|| aca||aabn | a|a d
040 ## - FUENTE DE LA CATALOGACIÓN
- Centro catalogador/agencia de origen: DO-SdBNP
- Lengua de catalogación: spa
- Centro/agencia transcriptor: BNPHU
- Normas de descripción: rda
100 1# - ENCABEZAMIENTO-NOMBRE DE PERSONA
- Nombre de persona: Aristófanes
370 ## - LUGAR ASOCIADO
- Lugar de nacimiento: Atenas (Grecia)
372 ## - CAMPO DE ACTIVIDAD
- Campo de actividad: Drama
374 ## - OCUPACIÓN
- Ocupación: Dramaturgo
375 ## - GÉNERO/SEXO
- Género/Sexo: Masculino
400 0# - TRAZADO DE VÉASE--NOMBRE DE PERSONA
- Nombre de persona: Aristofan
400 0# - TRAZADO DE VÉASE--NOMBRE DE PERSONA
- Nombre de persona: Arystofanes
400 0# - TRAZADO DE VÉASE--NOMBRE DE PERSONA
- Nombre de persona: Aristophane
400 0# - TRAZADO DE VÉASE--NOMBRE DE PERSONA
- Nombre de persona: Aristofane
670 ## - FUENTE DE DATOS ENCONTRADOS
- Cita de la fuente: Work cat.: (DO-SdBNP)53601: Bautista Xuriguera, Juan, autor 83445, Comedias completas /
